[Event "EICC 2017"]
[Site "Minsk"]
[Date "2017.06.10"]
[Round "11"]
[White "Erdos, Viktor"]
[Black "Dubov, Daniil"]
[Result "1/2-1/2"]
[WhiteElo "2614"]
[BlackElo "2660"]
[Annotator "TA"]
[PlyCount "45"]
[EventDate "2017.??.??"]
[EventCountry "BLR"]
[SourceTitle "playchess.com"]
[Source "ChessBase"]
[SourceQuality "1"]

{[%evp 9,45,-10,0,12,68,0,1,1,0,7,57,57,92,0,17,32,23,28,36,30,42,22,33,34,124,30,27,0,0,0,0,0,0,0,0,0,0,0]} 1. Nf3 c5 2. c4 Nf6 3. Nc3 d5 4. cxd5 Nxd5 5. Qa4+ Nc6 6. Ne5 {A34: Symmetrical English: 2 Nc3, lines with ...d5} Bd7 ({Black should play} 6... Qc7 $11 7. Nxc6 (7. Nxd5 Qxe5 8. Nb6 Rb8 $11) 7... Nxc3 8. dxc3 (8. bxc3 Bd7 $11) 8... Bd7) 7. Nxd7 (7. Nxf7 $1 $14 Kxf7 8. Nxd5) 7... Qxd7 $11 8. g3 Nb6 $146 ({Predecessor:} 8... e6 9. Bg2 Be7 10. d3 O-O 11. Bd2 b5 12. Qd1 a6 13. Rc1 {½-½ (59) Galkin,A (2598)-Timofeev,A (2665) Taganrog 2011}) 9. Qb5 g6 10. Bg2 Bg7 11. Bxc6 (11. Qxc5 $16 h5 12. e3) 11... bxc6 12. Qxc5 h5 13. h4 O-O 14. d3 Nd5 15. Bd2 Rab8 16. Rb1 f5 {[#]} ({Black should try} 16... Nxc3 $14 17. Bxc3 Rb5) 17. O-O (17. b3 $1 $16) 17... f4 18. Nxd5 cxd5 {The position is equal.} 19. Bxf4 Rxf4 20. gxf4 {And now Qe3 would win.} Qg4+ 21. Kh1 Qxh4+ 22. Kg2 Qg4+ 23. Kh1 {Precision: White = 58%, Black = 44%.} 1/2-1/2

[Event "EICC 2017"]
[Site "Minsk"]
[Date "2017.06.10"]
[Round "11"]
[White "Hracek, Zbynek"]
[Black "Andreikin, Dmitry"]
[Result "1/2-1/2"]
[WhiteElo "2612"]
[BlackElo "2723"]
[Annotator "TA"]
[PlyCount "110"]
[EventDate "2017.??.??"]
[EventCountry "BLR"]
[SourceTitle "playchess.com"]
[Source "ChessBase"]
[SourceQuality "1"]

{[%evp 13,110,28,38,27,37,33,37,29,40,33,29,27,50,45,72,81,60,70,72,54,74,81,82,77,75,70,92,94,119,108,135,135,135,135,135,135,135,135,135,135,135,135,135,135,135,135,135,135,135,135,135,135,135,135,135,116,116,108,115,116,116,80,116,116,116,116,116,116,116,87,87,87,87,87,87,49,87,49,87,49,87,49,87,87,87,87,87,87,87,49,49,49,49,0,87,0,49,25,25]} 1. e4 e6 2. d4 d5 3. exd5 exd5 4. Nf3 Nf6 5. Bd3 Bd6 6. Qe2+ Qe7 7. Qxe7+ Bxe7 8. O-O {C01: French: Exchange Variation} O-O 9. Re1 Re8 10. Bf4 {White is slightly better.} c6 11. Nbd2 Nbd7 (11... Bg4 12. Ne5 Be6 13. Nb3 a5 14. Nc5 Bxc5 15. dxc5 Nbd7 16. Nxd7 Bxd7 {1-0 (33) Carlsen,M (2838)-Meier,G (2630) chess.com INT 2017}) 12. h3 Nb6 $146 ({Predecessor:} 12... Nf8 13. Re2 Ne6 14. Bh2 Bd7 15. Rae1 Rad8 {1-0 (59) Krueger,G (1882)-Nuenchert,R (1894) Berlin 2012}) 13. a4 {[%cal Ba2a4,Ba4a5][%mdl 32]} Be6 14. Ng5 Bd7 15. a5 Nc8 16. Ngf3 $36 {[%mdl 2048] White has good play.} a6 17. Nb3 Na7 18. Nc5 Bxc5 19. dxc5 Rxe1+ 20. Rxe1 Re8 21. Be5 Nc8 22. Bxf6 Rxe1+ 23. Nxe1 {[#] Threatens to win with Bd8.} gxf6 $16 {[%mdl 4096] Endgame KBN-KBN} 24. Nf3 Ne7 25. Nd4 f5 26. f4 Kg7 27. Kf2 Kf6 28. Kf3 h6 29. b4 Be6 30. c3 Bd7 31. Ke3 Be6 32. g3 Ng6 33. Nf3 Nf8 34. Kd4 Bc8 35. Ne5 Ke7 36. Ke3 Be6 37. Be2 Nd7 38. Nxd7 Bxd7 {KB-KB} 39. Kf3 Kf6 40. Bd3 Be6 41. g4 fxg4+ 42. hxg4 Bd7 43. Kg3 Kg7 44. Kh4 f6 45. Bc2 Be6 46. Kg3 Kf7 47. Bd3 Kf8 48. Kf3 Ke7 49. Bg6 Bf7 50. Bh7 Be6 51. Kg3 Kf8 52. Bg6 Kg7 53. Bd3 Kf8 54. Bg6 Kg7 55. Bh5 Bf7 {Precision: White = 63%, Black = 67%.} 1/2-1/2

[Event "EICC 2017"]
[Site "Minsk"]
[Date "2017.06.10"]
[Round "11"]
[White "Alekseev, Evgeny"]
[Black "Forcen Esteban, Daniel"]
[Result "1/2-1/2"]
[WhiteElo "2610"]
[BlackElo "2545"]
[Annotator "TA"]
[PlyCount "37"]
[EventDate "2017.??.??"]
[EventCountry "BLR"]
[SourceTitle "playchess.com"]
[Source "ChessBase"]
[SourceQuality "1"]

{[%evp 20,21,18,25]} 1. e4 e6 2. d4 d5 3. Nc3 Nf6 4. e5 Nfd7 5. f4 c5 6. Nf3 Nc6 7. Be3 cxd4 8. Nxd4 Bc5 9. Qd2 O-O 10. O-O-O a6 11. Nb3 {Predecessor:} Bb4 $146 12. Bd3 b5 13. Nd4 Bb7 14. Nxc6 Bxc6 15. Bd4 Nc5 16. Qf2 Nxd3+ 17. Rxd3 Be7 18. Nd1 b4 19. Rh3 {0-1 (37) Robson,R (2680)-Vovk,Y (2628) Baku 2015} 1/2-1/2

[Event "EICC 2017"]
[Site "Minsk"]
[Date "2017.06.10"]
[Round "11"]
[White "Parligras, Mircea-Emilian"]
[Black "Alonso Rosell, Alvar"]
[Result "1/2-1/2"]
[WhiteElo "2607"]
[BlackElo "2516"]
[Annotator "TA"]
[PlyCount "151"]
[EventDate "2017.??.??"]
[EventCountry "BLR"]
[SourceTitle "playchess.com"]
[Source "ChessBase"]
[SourceQuality "1"]

{[%evp 9,151,14,19,0,9,16,30,24,31,19,25,25,21,-134,-128,-173,-117,-139,-95,-98,-102,-87,-84,-89,-89,-129,-40,-37,-22,-155,-35,-44,-47,-52,-42,-139,-136,-121,-125,-131,-128,-277,-286,-272,-253,-610,-318,-227,-144,-165,-135,-136,-137,-135,-135,-123,-123,-120,-116,-122,-126,-130,-123,-130,-130,-123,-119,-132,-124,-129,-119,-118,-99,-92,-91,-131,-134,-134,-134,-134,-127,-126,-116,-116,-89,-132,-49,-49,-49,-49,-57,-56,-57,-89,-89,-89,-89,-89,0,-89,0,-89,-89,-89,-89,-89,-52,-89,-29,-29,-29,-29,-29,-29,-29,-29,-29,-29,-29,-29,0,-31,-8,-8,-8,-8,-8,-8,-8,-8,-8,-8,-8,-8,-8,-8,-8,-8,-8,-8,-8,-8,-8,-8]} 1. d4 d5 2. Nf3 Nf6 3. c4 e6 4. Nc3 Bb4 5. cxd5 exd5 6. Bf4 {D38: Queen's Gambit Declined: Ragozin Defence (4 Nf3 Bb4)} (6. Qb3 $5 {[%cal Rb3b4]} Nc6 7. Bd2 $11) (6. Bg5 h6 7. Bh4 O-O 8. e3 Bf5 9. Qb3 Bxc3+ 10. Qxc3 Nbd7 11. Nd2 Rc8 12. Be2 c5 13. O-O Qb6 14. Rfc1 Rfe8 15. Kf1 {½-½ (40) Karjakin,S (2783)-Harikrishna,P (2755) Shamkir 2017}) 6... O-O 7. e3 Bf5 8. Qb3 {White has an edge.} Bxc3+ 9. bxc3 b6 10. Bg5 $146 ({Predecessor:} 10. h3 Qe7 11. Be2 c6 12. O-O Nbd7 13. a4 {1-0 (57) Fratini,M (1990)-Bassini,M Foligno 2008}) 10... c6 11. c4 $2 {[#]} (11. Be2 $11) 11... b5 $1 $17 {[%mdl 512] Strongly threatening ...Qa5+.} 12. cxb5 Qa5+ 13. Ke2 Ne4 14. Be7 Re8 15. Bb4 Qxb5+ 16. Ke1 Qb6 $1 17. Nd2 Na6 (17... Nxd2 $1 $17 18. Kxd2 Nd7) 18. Bxa6 $1 $15 Qxa6 19. f3 {[#]} (19. Nxe4 $11 {keeps the balance.} Rxe4 20. f3) 19... Nxd2 (19... c5 $1 $17 {[%cal Rc5b4]} 20. Nxe4 (20. fxe4 Bg4 $17) 20... dxe4 21. Bxc5 exf3 22. gxf3 Rab8) 20. Bxd2 Rab8 $36 {[%mdl 2048] White is under pressure.} 21. Qc3 c5 22. Kf2 (22. dxc5 $15 d4 23. Qxd4) 22... c4 $17 23. Rhe1 h5 24. Qa5 Qd6 25. e4 (25. Kg1 $17) 25... dxe4 $19 26. Bc3 Qg6 27. Qd5 $2 (27. h4) 27... exf3 28. Qxf3 Bg4 29. Qf4 Qc2+ 30. Qd2 Qxd2+ 31. Bxd2 Rxe1 32. Kxe1 $17 {[%mdl 4096] Endgame KRB-KRB} Re8+ 33. Kf1 Re2 34. Bb4 Rb2 35. a3 h4 36. d5 h3 37. gxh3 Bxh3+ 38. Kg1 Rg2+ 39. Kh1 Rg5 40. d6 a5 (40... Bd7 {with more complications.} 41. h4 Rg4 42. Re1 Bc6+ 43. Kh2 Rxh4+ 44. Kg3 Rd4) 41. Bc3 Rd5 (41... Bd7 {is more complex.} 42. h4 Rd5 43. Kg2 f6 44. Kf2 Rxd6 45. Bxa5 Ba4) 42. Rg1 g5 43. Re1 Kh7 44. Kg1 Rxd6 {Hoping for ...Rd3.} 45. Bxa5 Rd4 46. Kf2 Rf4+ 47. Kg3 Be6 ({Better is} 47... Bf5 $17 48. a4 Kg6) 48. Re5 $1 $15 Rg4+ 49. Kf3 Rg1 50. Kf2 Ra1 51. Bb4 Kg6 52. Re1 Ra2+ 53. Re2 Ra1 54. Re1 $1 {[%cal Re1a1]} Ra2+ 55. Re2 {[#]} Rxe2+ $1 56. Kxe2 $17 {KB-KB} Kf5 57. Be7 Kf4 58. Bf6 g4 (58... Bd7 $17) 59. a4 $11 Bc8 60. a5 Kf5 61. Bc3 Ke4 62. Bf6 $1 Ba6 63. Kf2 $1 Kf5 64. Bc3 Ke4 {Threatens to win with ...f5.} 65. Bf6 $1 Kd3 {aiming for ...c3.} 66. Kg3 {The position is equal.} Bc8 67. a6 Bxa6 {White must now prevent ...Bc8.} 68. Kxg4 c3 69. h4 Kd2 70. h5 $1 Bd3 {[#]} 71. Bxc3+ $1 {[%mdl 512]} Kxc3 72. Kg5 Be2 73. h6 {And now h7 would win.} Bd3 74. Kf6 Bg6 {[#]} 75. h7 $1 {[%mdl 512]} Bxh7 {( -> ...Bg6)} 76. Kxf7 {Precision: White = 59%, Black = 55%.} 1/2-1/2

[Event "EICC 2017"]
[Site "Minsk"]
[Date "2017.06.10"]
[Round "11"]
[White "Rozum, Ivan"]
[Black "Plat, Vojtech"]
[Result "1/2-1/2"]
[WhiteElo "2606"]
[BlackElo "2522"]
[Annotator "TA"]
[PlyCount "120"]
[EventDate "2017.??.??"]
[EventCountry "BLR"]
[SourceTitle "playchess.com"]
[Source "ChessBase"]
[SourceQuality "1"]

{[%evp 16,120,29,30,82,68,77,77,67,54,54,50,41,49,58,52,52,39,98,108,137,47,94,21,21,21,21,22,25,0,0,0,0,-11,-11,-4,-8,-114,-99,-95,0,-127,-97,-313,-300,-276,-283,-281,-136,-165,0,-277,-275,-272,0,0,0,-233,-215,-224,-193,-216,-225,-199,-232,-322,-316,-662,-611,-673,-638,-504,-465,-383,-334,-322,-318,-292,-235,-235,0,-228,-169,-208,-213,-201,-144,-145,-153,-158,-157,-172,-124,-125,-124,-124,-124,-124,-125,-4718,0,0,0,0,0,0,8]} 1. d4 d6 2. Nf3 f5 3. g3 Nf6 4. Bg2 g6 5. O-O Bg7 6. c4 O-O 7. Nc3 Qe8 8. d5 c6 9. Rb1 {LiveBook: 57 Games. A88: Dutch Defence: Leningrad System: 5 Nf3 0-0 6 0-0 d6 7 Nc3 c6} cxd5 (9... Bd7 $11) (9... Na6 10. b4 Nc7 11. Bb2 h6 12. dxc6 bxc6 13. c5 d5 14. Ne5 Ne4 15. Nxe4 fxe4 16. f3 Rf5 17. f4 a5 {0-1 (51) Bu,X (2705)-Nepomniachtchi,I (2767) Doha 2016}) 10. Nxd5 $146 ({Predecessor:} 10. cxd5 Na6 11. b4 Ng4 12. Nd4 Ne5 13. Qb3 Nc7 14. Ne6 Bxe6 15. dxe6 Nc6 16. Be3 Rb8 {1-0 (30) Maurer,F (2020)-Perman,D (1911) Arco 2015}) 10... Nxd5 11. Qxd5+ {White is better.} Kh8 12. b3 Nd7 {[%cal Bb8d7,Bd7f6,Bf6e4][%mdl 32]} 13. Bb2 Nf6 14. Qd2 Bd7 15. c5 dxc5 16. Ne5 Rb8 ({Black should try} 16... Rd8 $1 $14) 17. Qa5 Bb5 18. Rfe1 (18. a4 $16 Bxe2 19. Rfe1) 18... Ne4 19. Qxa7 (19. Bxe4 $16 fxe4 20. a4) 19... Ra8 $11 20. Qxb7 Rxa2 21. Bxe4 Rxb2 $1 (21... fxe4 22. Qxe4 Qb8 23. f4 $16) 22. Bc6 (22. Bd3 $5 {[%cal Rd3b5]} Bxe5 23. Bxb5 $11) 22... Bxc6 23. Nxc6 Rd2 24. Rbd1 Rd6 $1 {[%cal Rd6c6]} 25. Rxd6 (25. Nxe7 Bd4 $17) 25... exd6 26. e3 (26. Qc7 $11 {keeps the balance.}) 26... f4 $1 $17 27. gxf4 Rxf4 (27... g5 $17 28. f5 (28. fxg5 Qe4 $17) 28... Qe4) 28. Rd1 {[#]} (28. exf4 $11 {remains equal.} Qxe1+ 29. Kg2 Qe4+ 30. Kg3) 28... Qe6 $1 {[%mdl 512]} 29. Qb8+ $2 (29. exf4 $17 Qg4+ 30. Kh1 Qf3+ 31. Kg1 Qg4+ 32. Kf1 Qxd1+ 33. Kg2 Qg4+ 34. Kf1 Qxf4 35. Qc8+ Qf8 36. Qe6) 29... Rf8 $19 30. Qxd6 Qg4+ (30... Qxb3 31. Qd5 $11) 31. Kf1 Qh3+ (31... Qf3 $19 {[%csl Gf8][%cal Rf3f2] is more deadly.} 32. Rd2 Qh1+ 33. Ke2 Qg2) 32. Kg1 $17 {[#]} Qg4+ (32... c4 $142 $1 {[%mdl 512] Hoping for ...Qg4+.} 33. bxc4 Qg4+ 34. Kf1 Qf3) 33. Kf1 $19 Qf3 {[%csl Gf8][%cal Rf3f2]} 34. Rd2 Ra8 $2 $40 {[%mdl 128] White needs to defend precisely.} (34... Qh1+ $19 35. Ke2 Qg2) 35. Rd1 $11 {[#]} Bd4 $1 {[%mdl 512]} 36. Rc1 $2 (36. Ne5 $1 $11 {and White stays safe.} Qxd1+ 37. Kg2) (36. Nxd4 Qxd1+) 36... Qh1+ $19 37. Ke2 Qxc1 38. Nxd4 {[%mdl 4096] Endgame And now Qe5+ would win. KQR-KQN} Ra2+ 39. Kd3 {[%cal Rd6f8] [#]} Qf1+ $1 ({Stronger than} 39... Rxf2 40. Qd8+ Kg7 41. Ne6+ Kf7 42. Qf8+ Kxe6 43. Qe8+ Kd6 44. Qd8+ Ke5 45. Qe7+ Kd5 46. Qd7+ Ke5 47. Qe7+ Kf5 48. Qf7+ Ke5 49. Qe7+ $11) 40. Ke4 {[%cal Rd6f8]} Rxf2 41. Qxc5 $2 (41. Qe5+ Kg8 42. Qd5+ Rf7 43. Qxc5) 41... Qh1+ 42. Kd3 Qb1+ 43. Kc4 Qc1+ 44. Kd5 Qxe3 45. Qd6 {aiming for Qd8+.} Qe8 46. b4 Rd2 47. Kc5 Rf2 $2 (47... h5 $19 {...Qe3 is the strong threat.} 48. h4 Qf7 49. Qe5+ Kh7) 48. b5 $2 (48. Kd5 $1 $11) 48... Rf1 49. Nc6 Rf5+ 50. Kb6 Qe2 51. Nd4 Qf2 52. Kc6 Rf6 53. Ne6 Qc2+ 54. Kd7 {White threatens Qb8+ and mate.} Rf7+ 55. Ke8 Kg8 56. Kd8 {[#]} Qc3 $1 {[%cal Rc3a5] Strongly threatening ...Qa5+.} 57. b6 $2 {[%mdl 8192]} (57. Qc6 $17 Qf6+ 58. Kc8) 57... Qf6+ $2 (57... Qf3 $19 {( -> ...Qa8+)} 58. Ke8 Qe4) 58. Kc8 $11 {Threatens to win with b7.The position is equal.} Re7 59. Qd8+ Kf7 60. Nc7 Qxb6 {Precision: White = 50%, Black = 59%.} 1/2-1/2

[Event "EICC 2017"]
[Site "Minsk"]
[Date "2017.06.10"]
[Round "11"]
[White "Mchedlishvili, Mikheil"]
[Black "Esipenko, Andrey"]
[Result "1/2-1/2"]
[WhiteElo "2605"]
[BlackElo "2509"]
[Annotator "TA"]
[PlyCount "84"]
[EventDate "2017.??.??"]
[EventCountry "BLR"]
[SourceTitle "playchess.com"]
[Source "ChessBase"]
[SourceQuality "1"]

{[%evp 29,84,22,12,17,42,33,39,41,27,45,45,53,52,38,46,34,29,34,41,35,27,28,31,31,34,26,28,26,26,25,20,29,76,77,76,52,83,0,0,0,0,0,0,0,0,0,0,0,0,0,0,0,0,0,0,0,0]} 1. d4 Nf6 2. c4 e6 3. Nf3 b6 4. g3 Bb7 5. Bg2 Be7 6. O-O O-O 7. Nc3 Ne4 8. Nxe4 Bxe4 9. Ne1 Bxg2 10. Nxg2 d5 11. Qa4 Qd7 12. Qxd7 Nxd7 13. cxd5 exd5 14. Bf4 c6 {E18: Queen's Indian: Old Main Line (4 g3 Bb7 5 Bg2 Be7 6 0-0 0-0 7 Nc3)} 15. Rac1 Rac8 {LiveBook: 3 Games} 16. Rc2 Bf6 17. Rfc1 $146 ({Predecessor:} 17. Be3 c5 18. Rfc1 Rcd8 19. Rd1 c4 20. Bf4 b5 21. a4 bxa4 22. Bd6 {½-½ (61) Roizman,A-Litvinov,V Minsk 1972}) 17... Bxd4 18. Rxc6 Rxc6 19. Rxc6 Bxb2 20. Rc7 Nc5 21. Rxa7 Ne6 22. Ne3 Rd8 $1 23. Nf5 Bf6 24. Rb7 Nxf4 25. gxf4 $14 {[%mdl 4096] Endgame KRB-KRN} h5 26. Rxb6 Ra8 27. Kf1 Rxa2 28. Nh6+ Kf8 29. Rb8+ Ke7 30. Rb7+ Ke6 31. Rb6+ ({Reject} 31. Nxf7 Kf5 $11) 31... Kd7 {[#] aiming for ...Kc7.} 32. Nxf7 Ra4 33. e3 ({White should try} 33. Ne5+ $16 Kc7 34. Rc6+ Kb7 35. Rd6) 33... d4 $1 $11 {The position is equal.} 34. Ne5+ (34. Kg1 {is interesting.} dxe3 35. fxe3 Ra1+ 36. Kg2 Ra2+ 37. Kg3) 34... Bxe5 $1 35. fxe5 dxe3 36. fxe3 {KR-KR} Re4 37. Kf2 g5 38. Rh6 h4 39. e6+ Rxe6 40. Rxe6 Kxe6 41. Kf3 Ke5 42. Kg4 Ke4 {Precision: White = 81%, Black = 75%.} 1/2-1/2

[Event "EICC 2017"]
[Site "Minsk"]
[Date "2017.06.10"]
[Round "11"]
[White "Vocaturo, Daniele"]
[Black "Godena, Michele"]
[Result "1-0"]
[WhiteElo "2604"]
[BlackElo "2506"]
[Annotator "TA"]
[PlyCount "85"]
[EventDate "2017.??.??"]
[EventCountry "BLR"]
[SourceTitle "playchess.com"]
[Source "ChessBase"]
[SourceQuality "1"]

{[%evp 17,85,-2,-6,10,21,6,53,58,52,65,151,139,157,154,158,167,159,161,185,169,185,179,180,179,176,166,184,185,194,194,221,169,287,276,315,261,240,255,292,274,328,303,320,325,300,311,295,270,482,500,528,524,544,534,523,545,668,653,686,678,991,999,1100,1097,1026,1027,1071,1060,993,947]} 1. e4 {[%cal Be2e4,Be4e5][%mdl 32]} e5 {[%cal Be7e5,Be5d4][%mdl 32]} 2. Nf3 Nc6 3. d4 exd4 4. Bc4 Bc5 5. c3 Nf6 6. e5 d5 7. Bb5 Ne4 8. cxd4 Bb6 9. Nc3 O-O 10. Be3 {C54: Giuoco Piano: 4 c3 Nf6, main lines with 5 d4 and 5 d3} Bd7 11. Qb3 $146 ({Predecessor:} 11. Bd3 Bg4 12. Nxe4 dxe4 13. Bxe4 Nxd4 14. O-O Bxf3 15. Bxf3 c6 16. Be4 Qh4 17. f4 Rad8 {½-½ (25) Kryvoruchko,Y (2678)-Adams,M (2740) Tromsoe 2013}) 11... Ba5 12. O-O {White is slightly better.} Bxc3 13. bxc3 Bg4 ({Better is} 13... Bf5 $14) 14. Ne1 $16 Be6 15. f3 Nc5 16. Qb1 {And now Bxc6 would win.} Nd7 17. Bd3 h6 18. Qxb7 Na5 19. Qb1 Nc4 20. Qc1 f6 21. f4 {Strongly threatening f5.} f5 22. Nf3 Ndb6 23. Bf2 Rb8 24. Nh4 Na4 {[#]} (24... Nc8 $142 25. Nf3 Qd7) 25. g4 $1 $18 {[%mdl 512]} Nab2 (25... fxg4 26. f5) 26. Bxf5 Bxf5 27. Nxf5 Nd3 28. Qc2 Rxf5 29. gxf5 Nxf4 {aiming for ...Rb2.} 30. Qd1 Qg5+ 31. Bg3 Ne3 32. Qf3 Nh3+ $2 (32... Nxf1 {was called for.} 33. Rxf1 (33. Kxf1 Qxf5 34. Bxf4 Rf8 $16) 33... Nh5 34. Qxd5+ Kf8) 33. Kh1 {White is clearly winning.} Rf8 {[%cal Rf8f5] [#]} 34. Bh4 $1 {[%mdl 512]} Qxh4 35. Qxe3 Ng5 36. Rf4 Qh5 37. Rg1 Rb8 38. Qg3 Rb2 39. h4 Kf8 40. f6 gxf6 41. Rxf6+ Ke7 42. Qg4 Qxg4 43. Rxg4 {Precision: White = 94%, Black = 40%.} 1-0

[Event "EICC 2017"]
[Site "Minsk"]
[Date "2017.06.10"]
[Round "11"]
[White "Bosiocic, Marin"]
[Black "Matinian, Nikita"]
[Result "1-0"]
[WhiteElo "2603"]
[BlackElo "2491"]
[Annotator "TA"]
[PlyCount "109"]
[EventDate "2017.??.??"]
[EventCountry "BLR"]
[SourceTitle "playchess.com"]
[Source "ChessBase"]
[SourceQuality "1"]

{[%evp 28,109,22,22,41,50,43,46,48,48,48,44,41,61,66,51,47,43,63,64,77,0,94,97,91,90,112,71,191,194,208,210,287,277,313,329,300,323,420,415,446,435,429,394,366,383,353,342,358,342,364,331,316,306,339,322,358,352,314,316,371,329,327,358,454,456,456,441,374,421,573,587,491,339,326,299,29983,29984,29984,4570,29991,29986,29988,29989]} 1. d4 Nf6 2. Nf3 g6 3. c4 Bg7 4. Nc3 d5 5. cxd5 Nxd5 6. e4 Nxc3 7. bxc3 c5 8. Be3 Qa5 9. Qd2 O-O 10. Rb1 cxd4 11. cxd4 Qxd2+ 12. Kxd2 Rd8 13. Bd3 Nc6 14. d5 {D85: Exchange Grünfeld: Unusual White 7th moves and lines with 7 Nf3} Na5 15. Ke2 {LiveBook: 14 Games} (15. Bg5 f6 16. Bf4 b6 17. Bb5 e5 18. Be3 Bd7 19. Rhc1 Bxb5 20. Rxb5 {1-0 (58) Svidler,P (2769)-Hammer,J (2608) Stavanger 2013}) 15... e6 16. Bg5 {White is slightly better.} f6 17. Bd2 b6 18. Bxa5 bxa5 19. Bc4 exd5 $146 ({Predecessor:} 19... e5 20. Nd2 Bf8 21. Nb3 Bb4 {½-½ (42) Shtyrenkov,V (2380)-Sazonova,E (2175) Alushta 2009}) 20. Bxd5+ Kh8 21. Bxa8 Ba6+ 22. Ke1 Rxa8 23. Kd2 Bf8 24. Kc3 ({Better is} 24. Rhd1 $16) 24... Re8 (24... Rc8+ $11 25. Kb3 Bd3) 25. Rhd1 $16 Bb4+ 26. Kd4 g5 27. Ne1 Kg7 (27... Be2 $16 28. Rdc1 Ba6) 28. Nd3 $18 Bd6 29. Nc5 Be2 {[#] ...Bxc5+ is the strong threat.} 30. Rd2 Bh5 31. Rb7+ Bf7 32. g3 Kg6 33. f4 {[%cal Bf2f4,Bf4f5][%mdl 32]} Bg8 34. f5+ Kh6 35. Ne6 Bxe6 36. fxe6 {[%mdl 4096] Endgame KRR-KRB} Bb4 37. Rc2 Rxe6 38. Rcc7 Kh5 39. Rxh7+ Kg4 40. Rb5 Rc6 41. h4 ({Don't take} 41. Rxa7 Rc2) 41... Rc1 42. hxg5 ({Much less strong is} 42. Rxa7 Rd1+ 43. Kc4 Kxg3 $18) 42... fxg5 43. Rxa7 Rd1+ 44. Ke5 Kxg3 45. a3 Bc3+ 46. Kf5 g4 47. e5 {[%cal Be4e5,Be5e6,Be6e7][%mdl 32]} Rf1+ 48. Kg6 Kg2 49. Rc7 Ba1 50. e6 {[#] Hoping for e7.} Rf6+ 51. Kg5 g3 $2 (51... Rxe6 $18 52. Kxg4 Rg6+ 53. Kf4 Rf6+ 54. Kg5 Rf2 55. Rxa5 Bf6+ 56. Kh5 Bd4) 52. e7 Re6 53. Kf5 (53. Rc2+ $142 Kh3 54. Kf4 Bf6 55. Rh5+ Bh4 56. Rc7 Kg2 57. Rxh4 Re2 58. Rg4 Rf2+ 59. Ke3 Rf3+ 60. Kd4) 53... Re3 54. Rb8 Re5+ 55. Kf4 {Precision: White = 75%, Black = 37%.} 1-0

[Event "EICC 2017"]
[Site "Minsk"]
[Date "2017.06.10"]
[Round "11"]
[White "Pashikian, Arman"]
[Black "Motylev, Alexander"]
[Result "0-1"]
[WhiteElo "2603"]
[BlackElo "2665"]
[Annotator "TA"]
[PlyCount "82"]
[EventDate "2017.??.??"]
[EventCountry "BLR"]
[SourceTitle "playchess.com"]
[Source "ChessBase"]
[SourceQuality "1"]

{[%evp 10,82,8,8,8,8,8,5,8,8,0,6,17,10,25,13,12,4,22,12,9,9,9,9,0,4,12,0,0,0,0,-48,-45,-54,-50,-118,-122,-125,-123,-103,-88,-135,-135,-143,-142,-129,-148,-349,-327,-526,-499,-457,-451,-694,-683,-652,-575,-853,-835,-803,0,0,0,-747,-687,-656,-635,-619,-594,-590,-549,-788,-754,-696,-652]} 1. d4 d5 2. c4 c6 3. Nc3 Nf6 4. e3 e6 {[%cal Be7e6,Be6e5][%mdl 32]} 5. b3 Bb4 6. Bb2 Ne4 {D31: Queen's Gambit Declined: Semi-Slav without ...Nf6 (+ Marshall Gambit and Noteboom) and Exchange Variation lines without ...Nf6} 7. Qc2 {[#]} (7. Nge2 Qf6 8. f3 Bxc3+ 9. Bxc3 Nxc3 10. Nxc3 O-O 11. f4 Nd7 12. Be2 dxc4 13. bxc4 c5 14. O-O {½-½ (41) Sargissian,G (2702)-Ding,L (2766) Huaian 2016}) 7... e5 $1 {[%mdl 512]} 8. a3 (8. dxe5 d4) 8... Bxc3+ {The position is equal.} 9. Bxc3 Nxc3 10. Qxc3 dxc4 11. dxe5 cxb3 12. Bc4 b2 13. Rb1 $146 ({Predecessor:} 13. Qxb2 Qa5+ 14. Ke2 {1-0 (64) Aczel,G (2480)-Urhegyi,M (2296) Banska Stiavnica 2016}) 13... O-O 14. Ne2 Qe7 15. O-O Nd7 $36 {[%cal Bb8d7,Bd7b6,Bb6c4,Bc4d2][%mdl 2080] Black has some pressure.} 16. f4 Nb6 17. Bb3 Be6 18. Bxe6 Qxe6 19. Qxb2 Nc4 20. Qxb7 Nd2 $1 21. Nd4 Qg6 $1 22. Rfc1 ({Don't blunder} 22. Qxc6 $2 Qd3 $19) (22. Rfd1 $1 $15 Nxb1 23. Nxc6) 22... Nxb1 $17 23. Qxb1 Qxb1 24. Rxb1 {[%mdl 4096] Endgame KRR-KRN} c5 25. Nf5 Rfb8 26. Rc1 Rb3 27. Rxc5 Rxa3 28. Rc7 $2 (28. Kf2 $17) 28... a5 $19 {[%cal Ba7a5,Ba5a4][%mdl 32]} 29. e6 $2 (29. Ne7+ Kf8 30. Nd5) 29... fxe6 30. Nxg7 a4 31. Nh5 (31. Rd7 $142 Rxe3 32. Nh5) 31... Rd3 32. Nf6+ Kf8 33. Rxh7 {Black must now prevent Rh8+.} Ra5 {Strongly threatening ...a3.} 34. Nd7+ Kg8 35. Nf6+ Kf8 {Threatens to win with ...a3.} 36. Nd7+ {[#]} Ke8 $1 {Black is clearly winning.} 37. Ne5 Rc3 38. Rh8+ Ke7 39. Rh7+ Kd8 40. Nf7+ Kc7 {...a3 is the strong threat.} 41. Ng5+ Kb8 {Precision: White = 45%, Black = 75%.} 0-1